[Dům na střeše /

Hlavní autor: Eberhart, Mignon Good, 1899-1996
Další autoři: Bernau, Gustav, 1906-
Jazyk: Čeština
Vydáno: V Praze : Melantrich, 1946]
Edice: Romány Pramene, romány dobré zábavy
Externí odkaz: Digitalizovaný dokument
Fyzický popis: 206 s. ; 8°
Knihy
Uloženo v:
LEADER 01164nam a22003132a 4500
001 001228799
003 CZ BrMZK
005 20120705130312.0
007 ta
008 120705s1946 xr er|||||||||||cze d
015 |a cnb000713342 
035 |a (OCoLC)85431498 
040 |a ABA001  |b cze  |c ABA001  |d ABA001 
041 1 |a cze  |h eng 
100 1 |a Eberhart, Mignon Good,  |d 1899-1996  |7 xx0011255  |4 aut 
245 1 0 |a [Dům na střeše /  |c Mignon Eberhartová ; z angličtiny přeložil Gustav Bernau 
260 |a V Praze :  |b Melantrich,  |c 1946] 
300 |a 206 s. ;  |c 8° 
490 1 |a Romány Pramene, romány dobré zábavy 
500 |a Přeloženo z angličtiny 
500 |a 10000 výt. 
500 |a Dostupné též v digitální podobě v aplikaci Kramerius 
700 1 |a Bernau, Gustav,  |d 1906-  |7 jk01011901  |4 trl 
830 0 |a Romány Pramene, romány dobré zábavy 
856 4 1 |u http://www.digitalniknihovna.cz/mzk/uuid/uuid:4cb85470-b9d6-11ea-998c-005056827e51  |y Digitalizovaný dokument  |x NDK 
910 |a BOA001  |b D-0921.233 
990 |a BK 
991 |b 201207 
996 6 |b 2619535110  |c D-0921.233  |l MZK  |r Sklad / do 24 hodin  |n 0  |w 001262477  |u 000010  |a 1  |e BOA001  |j MZK50  |s P